Equivalents of the axiom of choice /
Guardado en:
| Autor Principal: | |
|---|---|
| Otros Autores: | |
| Formato: | Libro |
| Idioma: | English |
| Publicado: |
Amsterdam :
North-Holland,
1963.
|
| Series: | Studies in logic and the foundations of mathematics
|
| Etiquetas: |
Agregar Etiqueta
Sin Etiquetas, Sea el primero en etiquetar este registro!
|
| LEADER | 00555nam a22001695a 4500 | ||
|---|---|---|---|
| 001 | MAT.inmabb001352 | ||
| 008 | 031124s1963####ne############000#0#eng#d | ||
| 005 | 20170809135240.0 | ||
| 245 | 1 | 0 | |a Equivalents of the axiom of choice / |c Herman Rubin and Jean E. Rubin. |
| 260 | |a Amsterdam : |b North-Holland, |c 1963. | ||
| 300 | |a xxiii, 134 p. ; |c 22 cm. | ||
| 440 | 0 | |a Studies in logic and the foundations of mathematics | |
| 510 | 4 | |a MR, |c 27 #3553 | |
| 100 | 1 | |a Rubin, Herman. | |
| 700 | 1 | |a Rubin, Jean E. | |
| 084 | |a 03-XX |2 msc2000 | ||
| 859 | |h 03 |i R896 |p A-1028 |b BIB. MATEMATICA | ||
